Manifiesto del Partido Comunista

Na minha lista:
Detalhes bibliográficos
Main Authors: Marx, Karl Heinrich (autor), Engels, Federico (Author)
Formato: Livro
Idioma:espanhol
Publicado em: Beijing Ediciones en Lenguas Extranjeras 1968
Edição:1a. ed
Assuntos:
Tags: Adicionar Tag
Sem tags, seja o primeiro a adicionar uma tag!

MARC

LEADER 00000nam a2200000 a 4500
001 UCJ8152
003 CL-VaPUC
005 20241003162052.0
008 070124e19680000CH |||||||||||||||||spa|d
999 |c 323948  |d 323946 
040 |c Pontificia Universidad Católica de Valparaíso 
082 0 4 |a 335.4  |b MAR  |2 21 
100 |a Marx, Karl Heinrich  |e autor  |9 863668 
245 1 0 |a Manifiesto del Partido Comunista 
250 |a 1a. ed 
260 |a Beijing  |b Ediciones en Lenguas Extranjeras  |c 1968 
300 |a 86 p 
500 |a Fotografía de Marx y Engels.- Reproducción de la cubierta de la primera edición, en 1848 
583 |a last modification  |c 20180226 01:45:21  |k Rodrigo Vera 
650 0 |a Partidos políticos  |9 254999 
650 0 |a Partido comunista   |9 340375 
650 7 |a MARXISMO  |2 CL-VaPUC  |9 516861 
650 0 |a Iconografía   |9 267998 
650 7 |a FACSIMILES  |2 CL-VaPUC  |9 460925 
700 0 |a Engels, Federico  |e author  |9 516860 
942 |c BK  |2 ddc 
945 |d 20070124 00:00:00  |a rinostro 
952 |0 0  |1 0  |4 0  |6 335_400000000000000_MAR_1968  |7 0  |8 X  |9 403820  |a FDOBUD  |b FDOBUD  |d 2019-11-22  |i 1073656  |o 335.4 MAR 1968  |p 1073656  |r 2019-11-22  |w 2019-11-22  |y BK_X  |k BUD